000 00272nam a2200109Ia 4500
008 191201s2013 xx 000 0 und d
100 _aOBEROI, Jagmohan
245 0 _aApplied Chemistry Vol -2
260 _c2013
_bNORTH PUB.
_aNEW DELHI
300 _a208
942 _2ddc
_cBK
_010
999 _c8085
_d8085